| 000 | 00698nam a2200217 i 4500 | ||
|---|---|---|---|
| 001 | bg | ||
| 100 | 1 | _aFENNER, D. N. | |
| 245 | 0 |
_aEngineering stress analysis : _ba finite element approach with Fortran 77 software / _cD. N. Fenner. |
|
| 260 |
_aNew York ; Chichester : _bEllis Horwood, _c1987. |
||
| 300 |
_a250 s. : _brys., wykr. ; _c25 cm. |
||
| 490 | 1 | _aEllis Horwood Series in Mechanical Engineering | |
| 504 | _aBibliogr. s. 244-245. | ||
| 830 | _aEllis Horwood Series in Mechanical Engineering | ||
| 020 | _a074580246X | ||
| 040 | _cBPK | ||
| 041 | _apol | ||
| 080 | _a624:621:539.3/.6:519.6 | ||
| 920 | _a0-7458-0246-X | ||
| 942 | _cKS | ||
| 008 | s pl f |000 0 pol | ||
| 999 |
_c28774 _d28774 |
||
| 856 |
_uhttp://koha.tu.koszalin.pl/cgi-bin/koha/opac-detail.pl?biblionumber=28774 _yKatalog online BPK |
||